00399nam a22001457a 4500003000400000005001700004008004100021020001800062040000900080082001800089100002000107245006600127260005100193300000900244OSt20210304113256.0210304b ||||| |||| 00| 0 eng d a9780521736428 coclc a428.24bCUL/C aCullen, Pauline aCambridge Vocabulary For IELTS With Answers /cPauline Cullen aNew Delhi:bCambridge University Press,c2018. a174p